[Event "DVM U14w 2012"]
[Site "Magdeburg GER"]
[Date "2012.12.29"]
[Round "5"]
[White "Neumann, Isabel"]
[Black "Manusina, Nicole"]
[Result "1/2-1/2"]
[Termination "normal"]
[Board "1.1"]
[WhiteElo "1422"]
[BlackElo "1772"]
[WhiteTeam "SV 1919 Grimma"]
[BlackTeam "SG Oesede-Georgsmarienhütte"]
[WhiteFideId "12964468"]
[BlackFideId "24657514"]
[EventCountry "GER"]
[EventRounds "7"]
[EventType "team-swiss"]
[EventDate "2012.12.26"]

1. e4 c6 2. d4 d5 3. exd5 cxd5 4. Bd3 Nc6 5. c3 Qc7 6. Ne2 Bg4 7. f3 Bd7 8. Na3
a6 9. Nc2 e6 10. Bf4 Bd6 11. Qd2 Nge7 12. Bxd6 Qxd6 13. Ne3 b5 14. a3 Na5 15.
Bc2 Rb8 16. b4 Nc4 17. Nxc4 dxc4 18. Qg5 O-O 19. O-O Nd5 20. Rac1 h6 21. Qd2 a5
22. Ng3 Qf4 23. Qxf4 Nxf4 24. Be4 axb4 25. axb4 h5 26. Rfe1 h4 27. Nf1 f5 28.
Bb1 Rf6 29. g3 Rg6 30. Kf2 hxg3+ 31. hxg3 Nh3+ 32. Kg2 Nf4+ 33. Kf2 Nh3+ 34.
Kg2 Nf4+ 35. Kf2 Nh3+ 1/2-1/2

[Event "DVM U14w 2012"]
[Site "Magdeburg GER"]
[Date "2012.12.29"]
[Round "5"]
[White "Böhm, Jana"]
[Black "Arnhold, Steffi"]
[Result "1-0"]
[Termination "normal"]
[Board "1.2"]
[WhiteElo "1701"]
[BlackElo "1392"]
[WhiteTeam "SG Oesede-Georgsmarienhütte"]
[BlackTeam "SV 1919 Grimma"]
[WhiteFideId "24661589"]
[BlackFideId "12931365"]
[EventCountry "GER"]
[EventRounds "7"]
[EventType "team-swiss"]
[EventDate "2012.12.26"]

1. e4 c5 2. Nf3 d6 3. d4 cxd4 4. Nxd4 Nf6 5. Nc3 a6 6. Be2 e6 7. Be3 Be7 8. Qd2
Nc6 9. f3 Bd7 10. g4 Nxd4 11. Bxd4 e5 12. Be3 Be6 13. g5 Nd7 14. Rg1 b5 15. Nd5
Nc5 16. O-O-O Rc8 17. h4 Bxd5 18. Qxd5 Qa5 19. Bxc5 Rxc5 20. Qa8+ Qd8 21. Qxa6
Qb8 22. Rd5 O-O 23. Rxc5 dxc5 24. Qxb5 Qa7 25. Qa6 Qc7 26. Rd1 Rc8 27. Qb5 Bd6
28. a4 Rb8 29. Qd3 Bf8 30. Qd7 Qb6 31. Bb5 c4 32. Qc6 Qe3+ 33. Kb1 Qxf3 34. Qd5
c3 35. b3 Qh5 36. Rf1 Ba3 37. Qxe5 Rc8 38. Bc4 Rf8 39. Qf4 Bb2 40. e5 Kh8 41.
e6 Rd8 42. Bd3 1-0

[Event "DVM U14w 2012"]
[Site "Magdeburg GER"]
[Date "2012.12.29"]
[Round "5"]
[White "Könze, Heike"]
[Black "Hinzke, Anna-Lena"]
[Result "0-1"]
[Termination "normal"]
[Board "1.3"]
[WhiteElo "1225"]
[BlackElo "1458"]
[WhiteTeam "SV 1919 Grimma"]
[BlackTeam "SG Oesede-Georgsmarienhütte"]
[WhiteFideId "12964476"]
[BlackFideId "12928704"]
[EventCountry "GER"]
[EventRounds "7"]
[EventType "team-swiss"]
[EventDate "2012.12.26"]

1. e4 e6 2. d4 d5 3. Nc3 Bb4 4. Nge2 Nf6 5. e5 Nfd7 6. a3 Be7 7. Be3 c5 8. f4
Qb6 9. b3 Nc6 10. Qd2 O-O 11. Na4 Qc7 12. dxc5 b5 13. cxb6 Nxb6 14. Bxb6 axb6
15. Ng3 Ba6 16. Bxa6 Rxa6 17. b4 Rxa4 18. Qc3 Rxa3 19. Qb2 Rxa1+ 20. Qxa1 Nxb4
21. O-O Nxc2 22. Qb2 Bc5+ 23. Kh1 Ne3 24. Rc1 Nc4 25. Qa1 Qc6 26. Rf1 Ra8 27.
Qc1 Ra2 28. Rf3 Qa4 29. Rf1 Ne3 30. Re1 Nxg2 31. Rg1 Rc2 32. Qa1 Qxa1 33. Rxa1
Nxf4 34. Nf1 g6 35. Ng3 Bd4 36. Rf1 Bxe5 0-1

[Event "DVM U14w 2012"]
[Site "Magdeburg GER"]
[Date "2012.12.29"]
[Round "5"]
[White "Wang, Yanru"]
[Black "Hagenbeck-Hübert, Lara"]
[Result "1-0"]
[Termination "normal"]
[Board "1.4"]
[WhiteElo "1413"]
[BlackElo "1261"]
[WhiteTeam "SG Oesede-Georgsmarienhütte"]
[BlackTeam "SV 1919 Grimma"]
[WhiteFideId "12929328"]
[BlackFideId "12964484"]
[EventCountry "GER"]
[EventRounds "7"]
[EventType "team-swiss"]
[EventDate "2012.12.26"]

1. f4 d5 2. b3 Nf6 3. Bb2 e6 4. Nf3 c5 5. e3 Be7 6. Be2 Nc6 7. O-O Bd7 8. d3
Qc7 9. a3 h6 10. Qe1 g5 11. g3 d4 12. fxg5 hxg5 13. exd4 Nxd4 14. Nxd4 cxd4 15.
Bxd4 e5 16. Bc3 Bc5+ 17. d4 exd4 18. Bd3+ Kd8 19. Bd2 Re8 20. Qf2 Nh7 21. Qxf7
Rh8 22. Bxg5+ Kc8 23. Bf4 Qc6 24. Nd2 Bh3 25. Bf5+ Bxf5 26. Qxf5+ Kd8 27. Qd3
b6 28. Be5 Re8 29. Bxd4 1-0

[Event "DVM U14w 2012"]
[Site "Magdeburg GER"]
[Date "2012.12.29"]
[Round "5"]
[White "Nobis, Anna"]
[Black "Moses, Selina"]
[Result "0-1"]
[Termination "normal"]
[Board "2.1"]
[WhiteElo "1708"]
[BlackElo "1724"]
[WhiteTeam "Chemnitzer SC Aufbau"]
[BlackTeam "Muldental Wilkau-Haßlau"]
[WhiteFideId "1270302"]
[BlackFideId "12908070"]
[EventCountry "GER"]
[EventRounds "7"]
[EventType "team-swiss"]
[EventDate "2012.12.26"]

1. e4 c5 2. Nc3 Nc6 3. g3 g6 4. Bg2 Bg7 5. d3 e6 6. Be3 Nd4 7. Qd2 d6 8. f4 Ne7
9. Nf3 O-O 10. O-O Rb8 11. Rab1 Nec6 12. Ne2 Nxf3+ 13. Bxf3 Nd4 14. Bg2 b5 15.
c3 Nxe2+ 16. Qxe2 Qb6 17. Qf2 Bb7 18. b4 Rfc8 19. Rb3 a6 20. bxc5 dxc5 21. a4
Qd6 22. axb5 Qxd3 23. Bxc5 axb5 24. Ba7 Ra8 25. Bd4 Bxe4 26. Bxe4 Qxe4 27. Rxb5
Bxd4 28. cxd4 Rc2 29. Re5 Rxf2 30. Rxe4 Rd2 31. Rf2 Rd1+ 32. Rf1 Rd3 33. Rc1
Ra2 34. g4 Rdd2 35. h3 Rg2+ 36. Kf1 Raf2+ 37. Ke1 Rf3 38. Re2 Rxe2+ 39. Kxe2
Rxh3 40. Rg1 Kf8 41. Rg2 Ke7 42. Rf2 Kd6 43. f5 exf5 44. gxf5 Kd5 45. fxg6 fxg6
46. Rf4 h6 47. Rg4 g5 48. Kd2 Rf3 49. Ke2 Rf5 50. Ke3 h5 51. Rg1 g4 52. Rh1
Rf3+ 53. Ke2 Rf5 54. Ke3 g3 55. Rh3 Rg5 56. Kf4 g2 57. Kxg5 g1=Q+ 58. Kxh5 Qxd4
59. Rg3 Qh8+ 60. Kg5 Qe5+ 61. Kh4 Ke4 62. Rg5 Qh2+ 63. Kg4 Qg2+ 64. Kh5 Qh3+
65. Kg6 Kf4 66. Rc5 Qe6+ 67. Kh5 Qf7+ 0-1

[Event "DVM U14w 2012"]
[Site "Magdeburg GER"]
[Date "2012.12.29"]
[Round "5"]
[White "Simon, Tessa"]
[Black "Kempe, Anne"]
[Result "0-1"]
[Termination "normal"]
[Board "2.2"]
[WhiteElo "1499"]
[BlackElo "1713"]
[WhiteTeam "Muldental Wilkau-Haßlau"]
[BlackTeam "Chemnitzer SC Aufbau"]
[WhiteFideId "12929395"]
[BlackFideId "12918083"]
[EventCountry "GER"]
[EventRounds "7"]
[EventType "team-swiss"]
[EventDate "2012.12.26"]

1. e4 c5 2. Nf3 d6 3. d4 cxd4 4. Nxd4 Nf6 5. Nc3 Nc6 6. f3 e5 7. Ndb5 a6 8. Na3
b5 9. Nd5 Bb7 10. Be3 Be7 11. Bb6 Qc8 12. Nc7+ Kf8 13. Nxa8 Bxa8 14. Be2 Kg8
15. O-O h5 16. c4 Qb8 17. Be3 bxc4 18. Nxc4 Nd8 19. Nb6 Bb7 20. Qb3 Bf8 21.
Rac1 g6 22. Rc2 Nc6 23. Bc4 Rh7 24. Rd1 Na5 25. Qa4 Nxc4 26. Qxc4 Ne8 27. Nd5
Kh8 28. Nc7 Nxc7 29. Qxc7 Qa8 30. Qb6 f6 31. Rc7 Rxc7 32. Qxc7 d5 33. exd5 Bxd5
34. b3 Kg8 35. Qd7 Bf7 36. Qd8 Qc6 37. Qd3 Kg7 38. Rc1 Qb7 39. Qd8 Qe7 40. Qxe7
Bxe7 41. Rc6 a5 42. Ra6 Bd8 43. Bd2 a4 44. Rxa4 Bb6+ 45. Kf1 g5 46. Ra6 Bd4 47.
Ke2 Bg6 48. Be3 Bc3 49. a4 Bf7 50. Rb6 Ba5 51. Rb7 Kg6 52. b4 Bd5 53. Rb8 Bc7
54. Rc8 Bd6 55. Bd2 Kf7 56. b5 Ke7 57. a5 Kd7 58. Rc1 g4 59. b6 Bb7 60. fxg4
hxg4 61. Kf2 f5 62. h4 gxh3 63. gxh3 Ke6 64. h4 Kf6 65. h5 f4 66. Ra1 Ba6 67.
h6 Kg6 68. Rh1 Kh7 69. Bc3 Bb7 70. Rh5 e4 71. Rf5 e3+ 72. Ke1 f3 73. Rf7+ Kxh6
74. Rxb7 Bg3+ 75. Kd1 e2+ 76. Kc2 f2 77. Bd2+ Kg6 78. Re7 f1=Q 79. a6 Qf5+ 80.
Kb3 Qd5+ 81. Kc2 Qc5+ 0-1

[Event "DVM U14w 2012"]
[Site "Magdeburg GER"]
[Date "2012.12.29"]
[Round "5"]
[White "Lukin, Jana"]
[Black "Fromm, Katja"]
[Result "0-1"]
[Termination "normal"]
[Board "2.3"]
[WhiteElo "1203"]
[BlackElo "1577"]
[WhiteTeam "Chemnitzer SC Aufbau"]
[BlackTeam "Muldental Wilkau-Haßlau"]
[WhiteFideId "12963968"]
[BlackFideId "12929409"]
[EventCountry "GER"]
[EventRounds "7"]
[EventType "team-swiss"]
[EventDate "2012.12.26"]

1. e4 c6 2. d4 d5 3. exd5 cxd5 4. Bd3 Qc7 5. c3 Nc6 6. g3 e6 7. Bf4 Bd6 8. Bxd6
Qxd6 9. Nf3 Nf6 10. Nbd2 O-O 11. O-O b6 12. a3 Bb7 13. b4 h6 14. Re1 Nd7 15.
Qe2 Rfe8 16. Ne5 Ncxe5 17. dxe5 Qc7 18. c4 Rac8 19. Rac1 Qb8 20. Nb3 Rc7 21. c5
Rec8 22. cxb6 axb6 23. a4 Rxc1 24. Rxc1 Rxc1+ 25. Nxc1 Nxe5 26. Bb1 Nc4 27. Ba2
Ne5 28. Nd3 Nxd3 29. Qxd3 Qe5 30. Qb1 Qc3 31. Kg2 d4+ 32. Kf1 Qf3 33. h4 d3 34.
Qe1 Qg2# 0-1

[Event "DVM U14w 2012"]
[Site "Magdeburg GER"]
[Date "2012.12.29"]
[Round "5"]
[White "Böhle, Rebecca"]
[Black "Dietrich, Michelle"]
[Result "1/2-1/2"]
[Termination "normal"]
[Board "2.4"]
[WhiteElo "1249"]
[BlackElo "1071"]
[WhiteTeam "Muldental Wilkau-Haßlau"]
[BlackTeam "Chemnitzer SC Aufbau"]
[WhiteFideId "12963933"]
[EventCountry "GER"]
[EventRounds "7"]
[EventType "team-swiss"]
[EventDate "2012.12.26"]

1. e4 e5 2. Nf3 Nf6 3. Nc3 d6 4. d4 exd4 5. Qxd4 Nc6 6. Bb5 Bd7 7. Bxc6 Bxc6 8.
O-O Be7 9. Bf4 O-O 10. Rad1 Nh5 11. e5 Bxf3 12. gxf3 Nxf4 13. Qxf4 dxe5 14.
Qxe5 Bd6 15. Qh5 Rc8 16. Kh1 g6 17. Qh6 Qe7 18. Ne4 f6 19. Rfe1 Qg7 20. Qxg7+
Kxg7 21. Nxd6 cxd6 22. Re7+ Rf7 23. Rxf7+ Kxf7 24. Rxd6 Ke7 25. Rd2 b5 26. c3
a5 27. Rd5 Rb8 28. Rc5 Kd6 29. b4 a4 30. c4 bxc4 31. Rxc4 Kd5 32. Rh4 h5 33. a3
Ke5 34. Rc4 Rd8 35. b5 Rd1+ 36. Kg2 Rb1 37. Rc5+ Kd6 38. Rc6+ Ke5 39. Ra6 Rxb5
40. Rxa4 Kd5 41. Ra6 Ke5 42. a4 Rc5 43. f4+ Kf5 44. h3 Rd5 45. Rb6 Rd4 46. a5
Ra4 47. a6 Ra5 48. Kg3 Ra3+ 49. f3 Ra4 50. Rb5+ Ke6 51. Rb6+ Kf5 52. Rc6 Ra5
53. Kf2 Kxf4 54. Rxf6+ Kg5 55. Rd6 Kf4 56. Ke2 g5 57. Rf6+ Ke5 58. Rh6 h4 59.
Kd3 Kd5 60. Kc3 Kc5 61. Rg6 Ra3+ 62. Kb2 Rxf3 63. a7 Rf8 64. Ra6 Ra8 65. Ra5+
Kc6 66. Kc3 Kb6 67. Rxg5 Rxa7 68. Rg4 Ra3+ 69. Kd2 Rxh3 70. Ke2 Rh2+ 71. Kf1
Rh3 72. Kg2 Rg3+ 73. Rxg3 hxg3 74. Kxg3 1/2-1/2

[Event "DVM U14w 2012"]
[Site "Magdeburg GER"]
[Date "2012.12.29"]
[Round "5"]
[White "Sherif, Amina"]
[Black "Wiesner, Paula"]
[Result "1/2-1/2"]
[Termination "normal"]
[Board "3.1"]
[WhiteElo "1565"]
[BlackElo "1817"]
[WhiteTeam "SG Solingen"]
[BlackTeam "Karlsruher SF 1853"]
[WhiteFideId "12911690"]
[BlackFideId "24654019"]
[EventCountry "GER"]
[EventRounds "7"]
[EventType "team-swiss"]
[EventDate "2012.12.26"]

1. e4 e6 2. d4 d5 3. Nd2 Nf6 4. e5 Nfd7 5. c3 c5 6. Bd3 Nc6 7. Ne2 cxd4 8. cxd4
f6 9. exf6 Nxf6 10. Nf3 Bd6 11. Bf4 O-O 12. O-O Bxf4 13. Nxf4 Qd6 14. Ne2 e5
15. dxe5 Nxe5 16. Nxe5 Qxe5 17. Qd2 Bf5 18. Bxf5 Qxf5 19. Nd4 Qd7 20. f3 Rfe8
21. Rad1 Rac8 22. Rfe1 Rxe1+ 23. Rxe1 Re8 24. Rc1 Qd6 25. g3 Nd7 26. Kf2 Ne5
27. b3 Qb6 28. Kg2 Nc6 29. Nxc6 bxc6 30. Qc2 Rc8 31. Qf5 Qb7 32. Qe6+ Kh8 33.
Re1 h6 34. Qd6 Qc7 35. Qc5 Qb6 36. Qxb6 axb6 37. Kf2 Kg8 38. Re6 Kf7 39. Rd6
Ke7 40. Rg6 Kf7 41. Rd6 Ke7 42. Rg6 Kf7 43. Rd6 1/2-1/2

[Event "DVM U14w 2012"]
[Site "Magdeburg GER"]
[Date "2012.12.29"]
[Round "5"]
[White "Romanova, Alena"]
[Black "Reksten, Anne"]
[Result "1-0"]
[Termination "normal"]
[Board "3.2"]
[WhiteElo "1590"]
[BlackElo "1660"]
[WhiteTeam "Karlsruher SF 1853"]
[BlackTeam "SG Solingen"]
[WhiteFideId "12918784"]
[BlackFideId "24692778"]
[EventCountry "GER"]
[EventRounds "7"]
[EventType "team-swiss"]
[EventDate "2012.12.26"]

1. e4 c6 2. d4 d5 3. Nc3 dxe4 4. Nxe4 Bf5 5. Ng3 Bg6 6. N1e2 h6 7. Nf4 Bh7 8.
Bc4 e6 9. O-O Nf6 10. Re1 Be7 11. Bxe6 O-O 12. Bb3 a5 13. a3 Na6 14. Ngh5 Nc7
15. Qf3 a4 16. Ba2 Bd6 17. c4 Nxh5 18. Nxh5 Qh4 19. g3 Qxd4 20. Rd1 Be4 21. Qg4
Qe5 22. Bf4 Bf5 23. Qf3 Be4 24. Qe2 Qf5 25. Rxd6 Qh3 26. f3 Qxh5 27. Qxe4 Qc5+
28. Kg2 Rfe8 29. Qd3 Ne6 30. Be3 Qe5 31. Rd1 Qxb2+ 32. Rd2 Qe5 33. Bb1 f5 34.
c5 Nxc5 35. Qc4+ Ne6 36. Bf4 Qb5 37. Ba2 Qxc4 38. Bxc4 Kf7 39. Re2 1-0

[Event "DVM U14w 2012"]
[Site "Magdeburg GER"]
[Date "2012.12.29"]
[Round "5"]
[White "Kublanov, Carolin"]
[Black "Bykov, Ilona"]
[Result "1-0"]
[Termination "normal"]
[Board "3.3"]
[WhiteElo "1107"]
[BlackElo "1126"]
[WhiteTeam "SG Solingen"]
[BlackTeam "Karlsruher SF 1853"]
[WhiteFideId "12944548"]
[BlackFideId "12964433"]
[EventCountry "GER"]
[EventRounds "7"]
[EventType "team-swiss"]
[EventDate "2012.12.26"]

1. e4 e5 2. Nf3 Nc6 3. Nc3 Bc5 4. Nxe5 Nxe5 5. d4 Bxd4 6. Qxd4 d6 7. f4 c5 8.
Bb5+ Bd7 9. Qxd6 Nc6 10. Nd5 Rc8 11. O-O Nge7 12. Qxc5 Nxd5 13. exd5 Ne7 14.
Bxd7+ Qxd7 15. Qxa7 Rxc2 16. Rf2 Rc4 17. b3 Re4 18. Ba3 Nxd5 19. Rd1 Re6 20.
Qb8+ Qd8 21. Qxd8+ Kxd8 22. Rxd5+ Ke8 23. Rfd2 f6 24. Rd8+ Kf7 25. Rxh8 h6 26.
Rb8 b6 27. Rb7+ Kg8 28. Rdd7 Re1+ 29. Kf2 Re2+ 30. Kxe2 Kh8 31. Rxg7 f5 32.
Rh7+ Kg8 33. Rbg7# 1-0

[Event "DVM U14w 2012"]
[Site "Magdeburg GER"]
[Date "2012.12.29"]
[Round "5"]
[White "Henke, Hanna"]
[Black "Kublanov, Elizabeth"]
[Result "1-0"]
[Termination "normal"]
[Board "3.4"]
[WhiteElo "891"]
[BlackElo "1060"]
[WhiteTeam "Karlsruher SF 1853"]
[BlackTeam "SG Solingen"]
[WhiteFideId "12964441"]
[BlackFideId "12944564"]
[EventCountry "GER"]
[EventRounds "7"]
[EventType "team-swiss"]
[EventDate "2012.12.26"]

1. e4 e5 2. Nf3 Nc6 3. Bc4 Nf6 4. Ng5 d5 5. exd5 Nxd5 6. d4 exd4 7. Nxf7 Qe7+
8. Qe2 Qxe2+ 9. Kxe2 Kxf7 10. Bxd5+ Ke7 11. Re1 Bf5 12. Kd1+ Kd7 13. Nd2 Bb4
14. a3 Bd6 15. b4 Rae8 16. Be4 Bg4+ 17. f3 Bh5 18. Nc4 Bxh2 19. Bf5+ Kd8 20.
Bg5+ Ne7 21. Re5 Bxe5 22. Nxe5 h6 23. Bxe7+ Rxe7 24. Ng6 Bxg6 25. Bxg6 Re6 26.
Bf5 Rf6 27. Bd3 Re8 28. Rb1 Rfe6 29. Kd2 b6 30. b5 g5 31. Rb4 Rd6 32. a4 a5 33.
bxa6 Kd7 34. a7 Ra8 35. Bf5+ Ke7 36. Be4 c6 37. Bf5 Kd8 38. Kd3 h5 39. g3 h4
40. gxh4 gxh4 41. Bh3 Rg6 42. Bf5 Rf6 43. Bg4 h3 44. Rxd4+ Kc7 45. Rd7+ Kc8 46.
Rf7+ Kd8 47. Rxf6 h2 48. Rh6 Rxa7 49. Rxh2 Rxa4 50. Ke2 b5 51. Rh7 b4 52. Be6
c5 53. f4 Ra6 54. f5 Ke8 55. Kd3 Rc6 56. Bd7+ 1-0

[Event "DVM U14w 2012"]
[Site "Magdeburg GER"]
[Date "2012.12.29"]
[Round "5"]
[White "Bork, Sophie"]
[Black "Klinge, Sabina"]
[Result "0-1"]
[Termination "normal"]
[Board "4.1"]
[WhiteElo "1525"]
[BlackElo "1619"]
[WhiteTeam "SV Welper 1922"]
[BlackTeam "TuRa Harksheide"]
[WhiteFideId "12905429"]
[BlackFideId "12949590"]
[EventCountry "GER"]
[EventRounds "7"]
[EventType "team-swiss"]
[EventDate "2012.12.26"]

1. e4 c5 2. c3 d5 3. exd5 Qxd5 4. d4 g6 5. Nf3 Bg7 6. dxc5 Qxd1+ 7. Kxd1 Nf6 8.
Bd3 Nc6 9. h3 Be6 10. Na3 O-O-O 11. Kc2 h6 12. Bf4 Nd5 13. Bh2 Ncb4+ 14. cxb4
Nxb4+ 15. Kd2 Rxd3+ 16. Kc1 a6 17. Nc2 Nxc2 18. Kxc2 Bf5 19. Kc1 Rhd8 20. Bf4
R3d5 21. Be3 h5 22. a3 a5 23. a4 Bh6 24. Ra3 Rxc5+ 25. Rc3 Rxc3+ 26. bxc3 Bxe3+
27. fxe3 Rd3 28. Kb2 Rxe3 29. Nd4 Be4 30. Rf1 f6 31. g4 Rxh3 32. gxh5 Rxh5 33.
Rd1 Rh1 34. Rd2 Rg1 35. Nb5 Rg2 0-1

[Event "DVM U14w 2012"]
[Site "Magdeburg GER"]
[Date "2012.12.29"]
[Round "5"]
[White "Köhler, Inken"]
[Black "Marx, Jasmin"]
[Result "1-0"]
[Termination "normal"]
[Board "4.2"]
[WhiteElo "1482"]
[BlackElo "1326"]
[WhiteTeam "TuRa Harksheide"]
[BlackTeam "SV Welper 1922"]
[WhiteFideId "12929301"]
[BlackFideId "12929620"]
[EventCountry "GER"]
[EventRounds "7"]
[EventType "team-swiss"]
[EventDate "2012.12.26"]

1. e4 d5 2. exd5 Qxd5 3. Nc3 Qa5 4. d4 Bf5 5. Bc4 c6 6. Nge2 Nf6 7. O-O e6 8.
Ng3 Bg6 9. f4 Nbd7 10. f5 Bxf5 11. Nxf5 exf5 12. Qe2+ Be7 13. Bd2 Qd8 14. Rae1
b5 15. Bb3 b4 16. Nd1 g6 17. Nf2 a5 18. Ba4 Rc8 19. a3 Nd5 20. axb4 axb4 21.
Bh6 Qa5 22. Bb3 N7f6 23. Bg7 Ne4 24. Bxh8 Qd8 25. Nxe4 fxe4 26. Qxe4 Kf8 27.
Qe6 Qe8 28. Rxf7+ Qxf7 29. Qxc8+ Qe8 30. Qxe8+ Kxe8 31. Bxd5 cxd5 32. Bf6 1-0

[Event "DVM U14w 2012"]
[Site "Magdeburg GER"]
[Date "2012.12.29"]
[Round "5"]
[White "Hütte, Sarah"]
[Black "Schramm, Anna-Lena"]
[Result "1/2-1/2"]
[Termination "normal"]
[Board "4.3"]
[WhiteElo "1133"]
[BlackElo "1437"]
[WhiteTeam "SV Welper 1922"]
[BlackTeam "TuRa Harksheide"]
[WhiteFideId "12929611"]
[BlackFideId "12918237"]
[EventCountry "GER"]
[EventRounds "7"]
[EventType "team-swiss"]
[EventDate "2012.12.26"]

1. d4 d5 2. Nc3 Nf6 3. Bg5 e6 4. e4 dxe4 5. Nxe4 Be7 6. Bxf6 Bxf6 7. Nxf6+ Qxf6
8. Nf3 Nc6 9. Be2 O-O 10. O-O Rd8 11. c3 e5 12. dxe5 Nxe5 13. Qc2 Bf5 14. Qb3
Rab8 15. h3 Bxh3 16. Nxe5 Qxe5 17. Bf3 Be6 18. Qc2 Bf5 19. Qa4 a6 20. Rfe1 Qf6
21. Re2 Bd3 22. Re3 Bb5 23. Qe4 Bc6 24. Qc4 Bb5 25. Qxc7 Rdc8 26. Qe7 Qb6 27.
Rae1 g6 28. Qh4 Rc4 29. Qh6 Qf6 30. g3 Rc5 31. Kh2 Rf5 32. Kg2 Rxf3 33. Rxf3
Bc6 34. Qe3 Kg7 35. Rd1 Re8 36. Qd3 Be4 37. Qe2 Bc6 38. Qd3 1/2-1/2

[Event "DVM U14w 2012"]
[Site "Magdeburg GER"]
[Date "2012.12.29"]
[Round "5"]
[White "Janke, Luisa"]
[Black "Venjakob, Alina"]
[Result "1-0"]
[Termination "normal"]
[Board "4.4"]
[WhiteElo "1200"]
[BlackElo "1119"]
[WhiteTeam "TuRa Harksheide"]
[BlackTeam "SV Welper 1922"]
[WhiteFideId "12925225"]
[BlackFideId "12964492"]
[EventCountry "GER"]
[EventRounds "7"]
[EventType "team-swiss"]
[EventDate "2012.12.26"]

1. d4 d5 2. Nf3 Nc6 3. c3 Nf6 4. Bf4 Bf5 5. Qb3 Rb8 6. e3 Ne4 7. Ne5 f6 8. Nf3
h5 9. h4 e6 10. Nbd2 g5 11. hxg5 fxg5 12. Be5 Rh6 13. Nxe4 Bxe4 14. Nd2 Bf5 15.
f3 Bh7 16. c4 Nxe5 17. dxe5 c6 18. cxd5 exd5 19. Bd3 Bc5 20. Bxh7 Rxh7 21. Qc2
Qe7 22. Qg6+ Qf7 23. Qxg5 Be7 24. Qg3 Kd7 25. e6+ Qxe6 26. Qxb8 Qxe3+ 27. Kd1
Qb6 28. Qe5 Rh6 29. Re1 Qc5 30. Qf5+ Kd8 31. Qf4 Rh8 32. Qb8+ Kd7 33. Qxh8 1-0

[Event "DVM U14w 2012"]
[Site "Magdeburg GER"]
[Date "2012.12.29"]
[Round "5"]
[White "Kluge, Leyla"]
[Black "Titgemeyer, Eva Maria"]
[Result "1-0"]
[Termination "normal"]
[Board "5.1"]
[WhiteElo "1436"]
[BlackElo "1622"]
[WhiteTeam "USG Chemnitz"]
[BlackTeam "SG Porz"]
[WhiteFideId "12918172"]
[BlackFideId "24655350"]
[EventCountry "GER"]
[EventRounds "7"]
[EventType "team-swiss"]
[EventDate "2012.12.26"]

1. c4 e5 2. Nc3 Nf6 3. g3 d5 4. cxd5 Nxd5 5. Bg2 c6 6. Nf3 Qc7 7. O-O Bd6 8. d4
Nxc3 9. bxc3 O-O 10. Qc2 Nd7 11. e3 Nf6 12. Bb2 b6 13. dxe5 Bxe5 14. Nxe5 Qxe5
15. Bxc6 Rb8 16. Rfd1 Qh5 17. Ba3 Ng4 18. h4 g5 19. Bxf8 gxh4 20. gxh4 Bf5 21.
Qe2 Kxf8 22. Rd4 Qxh4 23. Qf3 Be6 24. Bd5 Qh2+ 25. Kf1 Nxe3+ 26. fxe3 1-0

[Event "DVM U14w 2012"]
[Site "Magdeburg GER"]
[Date "2012.12.29"]
[Round "5"]
[White "Sewald, Kathrin"]
[Black "Graf, Pia"]
[Result "1/2-1/2"]
[Termination "normal"]
[Board "5.2"]
[WhiteElo "1335"]
[BlackElo "1475"]
[WhiteTeam "SG Porz"]
[BlackTeam "USG Chemnitz"]
[WhiteFideId "12964557"]
[BlackFideId "12917737"]
[EventCountry "GER"]
[EventRounds "7"]
[EventType "team-swiss"]
[EventDate "2012.12.26"]

1. e4 e6 2. d4 d5 3. Nc3 Bb4 4. Bd3 Bd7 5. e5 c5 6. a3 cxd4 7. axb4 dxc3 8.
bxc3 Qc7 9. Ne2 Qxe5 10. O-O Nc6 11. Re1 Qc7 12. Be3 b6 13. Nd4 Nf6 14. Nb5 Qb8
15. Qd2 O-O 16. Bf4 e5 17. Bg3 Re8 18. Nd4 Re7 19. Qg5 h6 20. Nxc6 Bxc6 21. Qf5
Bd7 22. Qf3 Qe8 23. Ba6 Bc6 24. Qd3 b5 25. Ra5 Rb8 26. Qf5 Bd7 27. Qf3 Rb6 28.
Rea1 Ree6 29. Bh4 Ne4 30. Qd3 Bc6 31. f3 Nd6 32. Bf2 d4 33. cxd4 exd4 34. Bxd4
Rb8 35. Qc3 Nc4 36. R5a2 Rg6 37. Re1 Qd7 38. Rd1 Rd6 39. Rd3 Rd8 40. Bxg7 Rxd3
41. cxd3 Qxd3 42. Qxd3 Rxd3 43. Bxh6 Rb3 44. Bc8 Rxb4 45. Rxa7 Ne5 46. Bf5 Rd4
47. Re7 Rd5 48. Bc2 Rc5 49. Bb1 1/2-1/2

[Event "DVM U14w 2012"]
[Site "Magdeburg GER"]
[Date "2012.12.29"]
[Round "5"]
[White "Fuchs, Joline"]
[Black "Schröter, Sophie"]
[Result "1-0"]
[Termination "normal"]
[Board "5.3"]
[WhiteElo "1041"]
[BlackElo "1103"]
[WhiteTeam "USG Chemnitz"]
[BlackTeam "SG Porz"]
[WhiteFideId "12964506"]
[BlackFideId "12941786"]
[EventCountry "GER"]
[EventRounds "7"]
[EventType "team-swiss"]
[EventDate "2012.12.26"]

1. e4 e5 2. Nf3 Nc6 3. Nc3 Nf6 4. Bc4 Bc5 5. d3 d6 6. O-O Bg4 7. h3 Bh5 8. Bg5
h6 9. Bxf6 Qxf6 10. Nd5 Qd8 11. a4 Nd4 12. g4 Bg6 13. c3 Nxf3+ 14. Qxf3 c6 15.
Ne3 a6 16. b4 Bb6 17. a5 Bc7 18. Nf5 Bxf5 19. Qxf5 Qf6 20. Qxf6 gxf6 21. f3 Rg8
22. Kf2 b5 23. axb6 Bxb6+ 24. Ke2 a5 25. bxa5 Bxa5 26. Rfb1 h5 27. Kf2 hxg4 28.
hxg4 Rh8 29. Rxa5 Rh2+ 30. Kg3 Rxa5 31. Kxh2 d5 32. exd5 cxd5 33. Bb3 d4 34.
cxd4 exd4 35. Kg3 Rb5 36. Bxf7+ 1-0

[Event "DVM U14w 2012"]
[Site "Magdeburg GER"]
[Date "2012.12.29"]
[Round "5"]
[White "Müller, Jennifer"]
[Black "Wienhold, Nadine"]
[Result "0-1"]
[Termination "normal"]
[Board "5.4"]
[WhiteElo "940"]
[BlackElo "1167"]
[WhiteTeam "SG Porz"]
[BlackTeam "USG Chemnitz"]
[BlackFideId "12964514"]
[EventCountry "GER"]
[EventRounds "7"]
[EventType "team-swiss"]
[EventDate "2012.12.26"]

1. e4 e5 2. Nf3 Nc6 3. Bc4 Nf6 4. d3 Bc5 5. Nc3 d6 6. h3 h6 7. Be3 Nd4 8. a3
Be6 9. Ba2 Qd7 10. Nd5 Nxd5 11. exd5 Bf5 12. Bc4 a6 13. c3 Nb5 14. Bxc5 dxc5
15. Nxe5 Qe7 16. Qe2 O-O 17. Kd2 Rfe8 18. Rhe1 Qd6 19. Bxb5 axb5 20. Kd1 f6 21.
Nc4 Rxe2 22. Nxd6 Rxe1+ 23. Kxe1 cxd6 24. Kd2 Re8 25. b3 Kf7 26. b4 Ke7 27.
bxc5 dxc5 28. Re1+ Kd7 29. Rxe8 Kxe8 30. c4 Bd7 31. Kc3 Ke7 32. d4 Kd6 33. f3
b6 34. g4 g5 35. dxc5+ Kxc5 36. cxb5 Bxb5 37. d6 Kxd6 38. Kb4 Bc6 39. a4 Bxf3
40. a5 bxa5+ 41. Kxa5 Bxg4 42. hxg4 Ke5 43. Kb4 Kf4 44. Kc3 Kxg4 45. Kd3 h5 46.
Ke3 Kg3 47. Ke2 Kg2 48. Ke3 h4 49. Ke4 h3 50. Kf5 h2 51. Kxf6 g4 52. Kf5 g3 53.
Kg4 Kf2 54. Kh3 h1=Q+ 55. Kg4 g2 56. Kf4 g1=R 57. Ke5 Rg4 58. Kf6 Qh5 59. Ke6
Rg6+ 0-1

[Event "DVM U14w 2012"]
[Site "Magdeburg GER"]
[Date "2012.12.29"]
[Round "5"]
[White "Schnepper, Pauline"]
[Black "Hund, Sarah"]
[Result "1/2-1/2"]
[Termination "normal"]
[Board "6.1"]
[WhiteElo "1580"]
[BlackElo "1859"]
[WhiteTeam "SK 1929 Mainaschaff"]
[BlackTeam "SK Freiburg Zähringen 1887"]
[WhiteFideId "12918040"]
[BlackFideId "12923338"]
[EventCountry "GER"]
[EventRounds "7"]
[EventType "team-swiss"]
[EventDate "2012.12.26"]

1. e4 e5 2. Nf3 Nc6 3. d4 exd4 4. Nxd4 Nf6 5. Nxc6 bxc6 6. e5 Qe7 7. Qe2 Nd5 8.
c4 Ba6 9. b3 g6 10. Qe4 Nb6 11. Bb2 Bg7 12. Bd3 O-O 13. O-O Rfe8 14. Re1 d5 15.
cxd5 cxd5 16. Qe2 Bxd3 17. Qxd3 Qg5 18. Nd2 Rad8 19. Nf3 Qe7 20. Rac1 Bh6 21.
Rc2 f6 22. Rce2 fxe5 23. Rxe5 Qd7 24. Rxe8+ Rxe8 25. Rxe8+ Qxe8 26. Qa6 Qe4 27.
Qf1 Qc2 28. Qa1 c5 29. Bf6 Nd7 30. Bg5 Bxg5 31. Nxg5 d4 32. Qe1 Qf5 33. Qe6+
Qxe6 34. Nxe6 h6 35. Kf1 Kf7 36. Nf4 1/2-1/2